书目信息 |
| 题名: |
可持续城市与建筑设计
|
|
| 作者: | 姚润明 , 斯蒂摩司, , 李百战 著 | |
| 分册: | ||
| 出版信息: | 北京 中国建筑工业出版社 2006.03 |
|
| 页数: | 272页 | |
| 开本: | 29cm | |
| 丛书名: | ||
| 单 册: | ||
| 中图分类: | TU984 | |
| 科图分类: | ||
| 主题词: | 城市规划--cheng shi gui hua--可持续发展--研究 | |
| 电子资源: | ||
| ISBN: | 7-112-08099-1 | |
| 000 | 01383nam0 2200277 450 | |
| 001 | 012006006793 | |
| 005 | 20060927162906.96 | |
| 010 | @a7-112-08099-1@dCNY48.00 | |
| 100 | @a20060730d2006 km y0chiy0120 ea | |
| 101 | 0 | @achi@aeng |
| 102 | @aCN@b110000 | |
| 105 | @aa z 000yy | |
| 200 | 1 | @a可持续城市与建筑设计@Ake chi xu cheng shi yu jian zhu she ji@d= Sustainable Urban and Architeectural Design@f姚润明, 昆·斯蒂摩司, 李百战著@Fyao run ming,kun·si di mo si,li bai zhan zhu@zeng |
| 210 | @a北京@c中国建筑工业出版社@d2006.03 | |
| 215 | @a272页@c图@d29cm | |
| 314 | @a责任者Steemers规范汉译姓为斯蒂摩司 | |
| 330 | @a本书是一本面向中国读者的、全面论述可持续建筑设计关键问题的著作。全书共4章。第1章介绍了气候变迁的影响,以及在可持续城市与建筑设计中,建筑专业人员所面临的挑战和应起的作用,同时也介绍了中国建筑能源消耗的一些信息。第2章主要介绍了城市设计问题,并讨论了能源供求以及城市舒适问题。第3章主要介绍了能效建筑设计。第4章介绍了世界上可持续城市与建筑设计和营建方面的实例。 | |
| 333 | @a建筑师、规划师及相关学者、专家。 | |
| 510 | 1 | @aSustainable Urban and Architeectural Design@zeng |
| 606 | 0 | @a城市规划@Acheng shi gui hua@x可持续发展@x研究 |
| 690 | @aTU984@v4 | |
| 701 | 0 | @a姚润明@Ayao run ming@4著 |
| 701 | 1 | @a斯蒂摩司,@Asi di mo si,@bK.@g(Steemers, Koen)@4著 |
| 701 | 0 | @a李百战@Ali bai zhan@4著 |
| 801 | 0 | @aCN@c20060927 |
| 905 | @a10447@dTU984@eY367 | |
| 可持续城市与建筑设计= Sustainable Urban and Architeectural Design/姚润明, 昆·斯蒂摩司, 李百战著.-北京:中国建筑工业出版社,2006.03 |
| 272页:图;29cm |
| 使用对象:建筑师、规划师及相关学者、专家。 |
| ISBN 7-112-08099-1:CNY48.00 |
| 本书是一本面向中国读者的、全面论述可持续建筑设计关键问题的著作。全书共4章。第1章介绍了气候变迁的影响,以及在可持续城市与建筑设计中,建筑专业人员所面临的挑战和应起的作用,同时也介绍了中国建筑能源消耗的一些信息。第2章主要介绍了城市设计问题,并讨论了能源供求以及城市舒适问题。第3章主要介绍了能效建筑设计。第4章介绍了世界上可持续城市与建筑设计和营建方面的实例。 |
| ● |
| 相关链接 |
|
|
|
正题名:可持续城市与建筑设计
索取号:TU984/Y367
 
预约/预借
| 序号 | 登录号 | 条形码 | 馆藏地/架位号 | 状态 | 备注 |
| 1 | 598493 | 205984933 | 建筑库201/201建筑库 61排4列4层/ [索取号:TU984/Y367] | 在馆 | |
| 2 | 598494 | 205984942 | 建筑库201/201建筑库 61排4列4层/ [索取号:TU984/Y367] | 在馆 | |
| 3 | 598495 | 205984951 | 建筑库201/201建筑库 61排4列4层/ [索取号:TU984/Y367] | 在馆 |